| 000 | 01334nam a2200313Ia 4500 | ||
|---|---|---|---|
| 008 | 130821s1995 ck a gr spa | ||
| 020 | _a958046854 | ||
| 020 | _a9580468540 | ||
| 020 | _a9789580468547 | ||
| 040 |
_cJavier Garzón _dAldemar Mondragón _bspa |
||
| 041 | 0 | 0 | _aspa |
| 100 | 1 |
_aHateley, Barbara "BJ" _929407 |
|
| 245 | 1 | 3 |
_aUn pavo real en el reino de los pingüinos fábula sobre los riesgos y posibilidades de ser diferente en el mundo empresarial _cBarbara "BJ" Hateley y Warren H. Schmitdt ; traducción de Beatriz Caballero y María del Mar Ravassa |
| 260 |
_aBogotá (Colombia) _bGrupo Editorial Norma _c1995, 2011 |
||
| 300 |
_a132 páginas _bilustraciones |
||
| 650 | _aAdministración de empresas | ||
| 650 | 7 |
_aCambio organizacional _97360 |
|
| 650 | 7 |
_aCultura corporativa _912394 |
|
| 650 | 7 |
_aÉxito en los negocios _915417 |
|
| 650 | 7 |
_aLiderazgo _918533 |
|
| 650 | 7 |
_aToma de decisiones en administración _925506 |
|
| 700 | 1 |
_aCaballero, Beatriz _etraductor _929410 |
|
| 700 | 1 |
_aRavassa, María del Mar _etraductor _929411 |
|
| 700 | 1 |
_aSchmidt, Warren H. _929408 |
|
| 700 | 1 |
_aWeiss, Sam _929409 _eilustrador |
|
| 765 | _tA peacock in the land of penguins : a tale of diversity and discovery. | ||
| 942 |
_cLIBRO _a16 _e1 _mH17u _2DEWEY _h658.4092 _n0 |
||
| 999 |
_c41214 _d41214 |
||